Savage Grace /

Đã lưu trong:
Chi tiết về thư mục
Tác giả khác: Rodman, Howard A., Anaya, Elena, Velázquez, Fernando, Robins, Natalie, Aronson, Steven M., Azpiroz, Juanmi, Redmayne, Eddie, Dillane, Stephen, Moore, Julianne, Dancy, Hugh, Rueda, Belen, Ugalde, Unax, Kalin, Tom (Giám đốc)
Định dạng: Slide
Ngôn ngữ:Tiếng Italy
Được phát hành: [Roma! : BIM : 01 Distribution, ©2008
Các nhãn: Thêm thẻ
Không có thẻ, Là người đầu tiên thẻ bản ghi này!

MARC

LEADER 00000ngm a22000007i 4500
001 IT\ICCU\LO1\1231249
003 ItRI
005 20260124182853.0
008 090209s2008 it |||||||||||||||k|||||c
024 3 1 |a 8032807024660 
028 4 2 |a 02466 
040 |b ita 
041 7 |a ita  |2 ISO-639-2 
082 |a 791.43  |9 CINEMA  |2 19 
130 0 |a Savage Grace <film ; 2007>  |3 IT\ICCU\LO1\1231250 
245 0 0 |a Savage Grace /  |c un film di Tom Kalin ; sceneggiatura di Howard A. Rodman ; tratto dal libro di Natalie Robins & Steven M. Aronson ; direttore della fotografia Juanmi Azpiroz ; musiche originali di Fernando Velàzquez. 
260 |a [Roma! :  |b BIM :  |b 01 Distribution,  |c ©2008 
300 |a 1 DVD video (93 min.) ;  |c in contenitore, 19 cm 
500 |a Caratteristiche tecniche: regione assente; formato video 16/9, 1.85:1; DVD 9; Dolby digital 2.0, 5.1; color 
500 |a Tit. del contenitore 
500 |a Produzione cinematografica Spagna/USA/Francia 2007 
500 |a Interpreti: Julianne Moore, Stephen Dillane, Eddie Redmayne, Elena Anaya, Unax Ugalde, Belén Rueda, Hugh Dancy 
500 |a Contenuti speciali: trailer 
500 |a Lingue: italiano 
500 |a Vietato ai minori di 14 anni. 
700 1 |a Rodman, Howard A.  |0 IT\ICCU\CFIV\113063 
700 1 |a Anaya, Elena  |0 IT\ICCU\LO1V\322659 
700 1 |a Velázquez, Fernando  |0 IT\ICCU\LO1V\351157 
700 1 |a Robins, Natalie  |0 IT\ICCU\LO1V\354027 
700 1 |a Aronson, Steven M.  |0 IT\ICCU\LO1V\354028 
700 1 |a Azpiroz, Juanmi  |0 IT\ICCU\LO1V\354029 
700 1 |a Redmayne, Eddie  |0 IT\ICCU\LO1V\354030 
700 1 |a Dillane, Stephen  |0 IT\ICCU\RAVV\221961 
700 1 |a Moore, Julianne  |0 IT\ICCU\RAVV\222126 
700 1 |a Dancy, Hugh  |0 IT\ICCU\RAVV\377862 
700 1 |a Rueda, Belen  |0 IT\ICCU\RAVV\419293 
700 1 |a Ugalde, Unax  |0 IT\ICCU\UBOV\046977 
700 1 |a Kalin, Tom  |0 IT\ICCU\UBOV\809154  |4 drt 
942 |2 ddc  |c VM  |n 0 
952 |0 0  |1 0  |4 0  |6 VO_1678_000000000000000  |7 0  |9 27316  |a BO  |b BO  |d 2026-01-24  |i 12966  |l 0  |o VO 1678  |p BO12966  |r 2026-01-24 18:28:53  |w 2026-01-24  |x [Sebina 5] [1 dvd]  |y VM  |z 1 dvd 
999 |c 23130  |d 23130